000 00569nam a2200181Ia 4500
005 20250923144753.0
008 008 250917s9999 xx 000 0 eng d
037 _aTextual
040 _aDSWL
_beng
_cDSWL
041 _aeng
_2eng
084 _aY5925:1:7.251'N60t4, N61
_qDSWL
100 _aGore, M.S.
_9828249
245 4 _aThe impact of industrialization & urbanization on the Aggarwal family
_cby M.S. Gore
260 _b.
_c1961
300 _a472p.
942 _cTEXL
_hY5925:1:7.251'N60t4, N61
999 _c1443141
_d1443141